Vestnik Moskovskogo universiteta naučnyj žurnal

Salvato in:
Dettagli Bibliografici
Natura: Periodico
Lingua:russo
Pubblicazione: Moskva Universitet 1980
Tags: Aggiungi Tag
Nessun Tag, puoi essere il primo ad aggiungerne!!

MARC

LEADER 00000nas2a2200000 4500
001 s125077
005 20250730114227.9
041 0 |a rus 
044 |a RU 
245 1 0 |a Vestnik Moskovskogo universiteta  |b naučnyj žurnal 
264 1 |a Moskva  |b Universitet  |c 1980 
300 |a zv. 1 
773 0 |w eu_un_cat*s120279